|
|
|
|
| LEADER |
00000nam a2200000 a 4500 |
| 001 |
UCS6623 |
| 003 |
CL-VaPUC |
| 008 |
970926e19630000MX |||||||||||||||||spa|d |
| 082 |
0 |
4 |
|a 144.3
|b JAM
|2 21
|
| 100 |
|
|
|a James, William
|e author
|9 335702
|
| 245 |
1 |
0 |
|a Pragmatismo: y cuatros ensayos de El significado de la Verdad
|
| 300 |
|
|
|a 281 p
|
| 942 |
|
|
|c BK
|
| 945 |
|
|
|d 19970926 00:00:00
|a lriquelm
|
| 260 |
|
|
|a Ciudad de México
|b Roble
|c 1963
|
| 650 |
|
0 |
|a Pragmatismo
|9 316729
|
| 650 |
|
0 |
|a Escuelas filosóficas
|9 266232
|
| 650 |
|
0 |
|a Humanismo
|9 256530
|
| 650 |
|
0 |
|a Metafísica
|9 265649
|
| 583 |
|
|
|a last modification
|c 19970926 00:00:00
|k Rodrigo Vera
|
| 999 |
|
|
|c 262268
|d 262266
|
| 952 |
|
|
|0 0
|1 0
|4 0
|6 144_300000000000000_JAM_1963
|7 0
|8 DER_TF
|9 290538
|a BIBDER
|b BIBDER
|d 2019-11-19
|i 1885413
|o 144.3 JAM 1963
|p 1885413
|r 2023-01-25
|w 2019-11-19
|x Ubicación 4to Piso
|y BK
|z Estos recursos deben solicitarse con anticipación
|k DER
|